L'Économie Francaise

保存先:
書誌詳細
第一著者: Chardonnet, Jean
フォーマット: 図書
言語:Undetermined
出版事項: Paris Dalloz 1970
主題:
タグ: タグ追加
タグなし, このレコードへの初めてのタグを付けませんか!
Thư viện lưu trữ: Trung tâm Học liệu Trường Đại học Cần Thơ
LEADER 00493nam a2200193Ia 4500
001 CTU_99431
008 210402s9999 xx 000 0 und d
082 |a 330.9 
082 |b C435/T1 
100 |a Chardonnet, Jean 
245 0 |a L'Économie Francaise 
245 0 |c Jean Chardonnet 
260 |a Paris 
260 |b Dalloz 
260 |c 1970 
650 |a European economic community 
650 |z France 
904 |i Tuyến 
980 |a Trung tâm Học liệu Trường Đại học Cần Thơ